000
00251nam a22001217a 4500
082
_a
823
_b
PED/V
100
_a
PEDIGREE BOOKS
245
_a
THE NO.1 FOOTBALL ANNUAL
260
_b
PEDIGREE
300
_a
77
650
_a
ENGLISH SHORT STORY
942
_c
BK
999
_c
3084
_d
3084